| 000 | 00358nam a2200145Ia 4500 | ||
|---|---|---|---|
| 008 | 230917s9999||||xx |||||||||||||| ||und|| | ||
| 040 |
_e172369 _aMAIN |
||
| 041 | _aEnglish | ||
| 082 | _a658.3 P181P | ||
| 100 | _aPalmer, Sally | ||
| 245 | 0 | _aPeople and self-management | |
| 260 |
_aOxford _bButterworth-Heinemann _c2008 |
||
| 300 | _a241 p. | ||
| 942 | _cBK | ||
| 999 |
_c153725 _d153725 |
||